| 000 | 01843cam a22005174i 4500 | ||
|---|---|---|---|
| 003 | PE-LiUPU | ||
| 005 | 20250731172845.0 | ||
| 008 | 150722s2014 enka rb 001 0 eng d | ||
| 020 |
_a0415533457 _q(paperback) |
||
| 020 |
_a9780415533454 _q(paperback) |
||
| 035 | _a(Sirsi) i9780415533454 | ||
| 040 |
_aNLGGC _bspa _erda _cNLGGC _dOCLCO _dOCLCF _dOCLCQ _dPE-LiUPU |
||
| 049 | _aPRUA | ||
| 082 | 0 |
_a297 _bS47 _223 |
|
| 100 | 1 |
_aShepard, William E., _d1933-, _eautor. |
|
| 245 | 1 | 0 |
_aIntroducing Islam / _cWilliam E. Shepard. |
| 250 | _aSegunda edición. | ||
| 264 | 1 |
_aLondon : _bRoutledge, _c2014. |
|
| 300 |
_axxiv, 424 páginas : _bilustraciones ; _c25 centímetros. |
||
| 336 |
_atext _2rdacontent |
||
| 337 |
_aunmediated _2rdamedia |
||
| 338 |
_avolume _2rdacarrier |
||
| 504 | _aBibliografía : páginas 404-410. | ||
| 504 | _aÍndices : páginas 411-424. | ||
| 505 | 2 | _aIntroduction: approaching the subject -- History of the community -- Aspect of Islam -- Modern developments. | |
| 526 | _aSEG42 | ||
| 526 | _aSEG41 | ||
| 526 | _aSEG40 | ||
| 526 | _aSEG39 | ||
| 526 | _aP94 | ||
| 526 | _aP87 | ||
| 526 | _aP86 | ||
| 526 | _aP85 | ||
| 526 | _aP77 | ||
| 526 | _aP76 | ||
| 526 | _aP35 | ||
| 650 | 0 |
_aIslam _xHistoria. |
|
| 655 | 7 |
_aHistoria. _2fast _0(OCoLC)fst01411628 |
|
| 910 |
_jck _bhop _chop _d20160530 |
||
| 942 |
_2ddc _cBOOK |
||
| 949 |
_a297 S47 _wDEWEY _c1 _i73220 _d2016-11-25 _e2016-11-20 _lCCODEBUL1 _mBUL _n1 _p43.96 _r0 _sY _tBOOK _u2016-5-30 _xTEOLOGIA _PP85 _0COMPRA _o.STAFF. Posgrado |
||
| 994 |
_aC0 _bPEPRU |
||
| 596 | _a1 | ||
| 999 |
_a297 S47 _wDEWEY _c9654 _i73220 _d9654 _e2017-6-25 _f2021-11-11 _g5 _lCCODEBUL1 _mBUL _n2 _p43.96 _q2 _r0 _sY _tBOOK _u2016-5-30 _xTEOLOGIA _PP85 _0COMPRA _o.STAFF. Colección Teología |
||
| 980 |
_81 _gALBERTO SANCHEZ Responsable de Automatización |
||